Kendrick Lamar trivia - Statistics

General Stats
  • This quiz has been taken 256 times
    254 since last reset
  • The average score is 10 of 23
Answer Stats
Hint Answer % Correct
Where was he born Compton
95%
What year did he drop m.A.A.d city 2012
91%
What age was he when he started rapping 16
87%
Full Name Kendrick Lamar Duckworth
86%
What was his first rap name K-Dot
83%
How tall is Kendrick Lamar 5'6
75%
Now I run the game got the ____ ____ talkin', King Kunta whole world
66%
Forty acres and a _____, a piano, a guitar? Mule
65%
Everybody wanna cut the ____ off him, Kunta Legs
60%
Names of the three other members of this group 1st ScHoolboy Q
48%
2nd Jay Rock
44%
3rd Ab-Soul
42%
Name of the group he is associated with black hippy
30%
______ only put me in the twilight *Now finish the lyrics* Painkillers
30%
What is Kendrick Lamar's favorite cereal Fruity Pebbles
23%
In 2006 which west coast rapper did he tour with and open for? game
23%
On what date June 17, 1987
20%
What was Kendrick Lamar like in school? (grades) Straight A's
14%
What did he dress up for as in Halloween (2017) Jesus
10%
What made him walk out of the room during an interview Interviewer wasn't familiar with the show Martin
7%
What was his first mixtape called? Youngest Head Nigga In Charge
5%
Where did he write most of his lyrics for DAMN In his moms kitchen
1%
What gang was his father part of *Back to random questions* Gangster Disciples gang
0%
No matching quizzes found
Score Distribution
Percent of People with Each Score
Percentile by Number Answered
Your Score History
You have not taken this quiz since the last reset